[Event "EWIRCC 2019"]
[Site "Monte-Carlo"]
[Date "2019.12.01"]
[Round "6.5"]
[White "Sebag, Marie"]
[Black "Girya, Olga"]
[Result "0-1"]
[WhiteElo "2443"]
[BlackElo "2476"]
[Annotator "ChessBase"]
[PlyCount "184"]
[EventDate "2019.11.28"]
[EventType "swiss"]
[EventCountry "MNC"]
[SourceTitle "playchess.com"]
[Source "ChessBase"]
[SourceQuality "1"]
[TimeControl "5400+30"]

1. e4 {[%emt 1:15:13]} c6 {[%emt 1:15:11]} 2. d4 {[%emt 0:00:22]} d5 {[%emt 0:00:21]} 3. e5 {[%emt 0:00:22]} Bf5 {[%emt 0:00:21]} 4. Nf3 {[%emt 0:00:22]} e6 {[%emt 0:00:21]} 5. Be2 {[%emt 0:00:26]} Ne7 {[%emt 0:00:21]} 6. O-O {[%emt 0:00:32]} Bg6 {[%emt 0:00:22]} 7. Nbd2 {[%emt 0:02:57]} c5 {[%emt 0:00:22]} 8. c4 {[%emt 0:01:12]} cxd4 {[%emt 0:00:28]} 9. Nxd4 {[%emt 0:00:40]} Nec6 {[%emt 0:00:21]} 10. N2f3 {[%emt 0:00:51]} dxc4 {[%emt 0:01:07]} 11. Bxc4 {[%emt 0:00:45]} Be7 {[%emt 0:00:27]} 12. Be3 {[%emt 0:01:55]} O-O {[%emt 0:00:23]} 13. Be2 {[%emt 0:00:56]} Nb4 {[%emt 0:05:21]} 14. Qb3 {[%emt 0:00:41]} N8c6 {[%emt 0:00:26]} 15. Rfd1 {[%emt 0:01:35]} Qb8 {[%emt 0:07:24]} 16. Nxc6 {[%emt 0:03:25]} bxc6 {[%emt 0:00:21]} 17. Rac1 {[%emt 0:01:18]} Nc2 {[%emt 0:00:59]} 18. Rd7 {[%emt 0:02:03]} Qxb3 {[%emt 0:00:30]} 19. axb3 {[%emt 0:00:22]} Nxe3 {[%emt 0:01:10]} 20. fxe3 {[%emt 0:00:44]} Bd8 {[%emt 0:00:27]} 21. Rxc6 {[%emt 0:01:23]} Bb6 {[%emt 0:00:21]} 22. Kf2 {[%emt 0:00:22]} Rac8 {[%emt 0:02:06]} 23. Rxc8 {[%emt 0:00:39]} Rxc8 {[%emt 0:00:20]} 24. Bc4 {[%emt 0:00:22]} Kf8 {[%emt 0:00:43]} 25. Nd4 {[%emt 0:00:57]} Rc5 {[%emt 0:00:32]} 26. Rb7 {[%emt 0:01:00]} Be4 {[%emt 0:01:24]} 27. Rb8+ {[%emt 0:00:31]} Ke7 {[%emt 0:00:21]} 28. Bb5 {[%emt 0:00:26]} Rxe5 {[%emt 0:00:26]} 29. Nc6+ {[%emt 0:01:41]} Bxc6 {[%emt 0:00:21]} 30. Bxc6 {[%emt 0:00:21]} Bxe3+ {[%emt 0:00:31]} 31. Kf3 {[%emt 0:00:21]} Bb6 {[%emt 0:00:30]} 32. Rb7+ {[%emt 0:00:24]} Kd6 {[%emt 0:00:38]} 33. Be8 {[%emt 0:00:43]} Re3+ {[%emt 0:00:37]} 34. Kf4 {[%emt 0:00:32]} Rxb3 {[%emt 0:01:05]} 35. Rd7+ {[%emt 0:00:31]} Kc5 {[%emt 0:00:21]} 36. Rxf7 {[%emt 0:00:21]} Rxb2 {[%emt 0:00:41]} 37. Rxg7 {[%emt 0:00:22]} h6 {[%emt 0:00:23]} 38. Rg6 {[%emt 0:00:29]} Bd8 {[%emt 0:00:39]} 39. Rxh6 {[%emt 0:00:42]} Rxg2 {[%emt 0:00:22]} 40. Rxe6 {[%emt 0:00:26]} Rxh2 {[%emt 0:00:28]} 41. Rc6+ {[%emt 0:00:31]} Kb4 {[%emt 0:00:26]} 42. Ra6 {[%emt 0:00:32]} Bb6 {[%emt 0:00:23]} 43. Ra4+ {[%emt 0:00:25]} Kc5 {[%emt 0:00:21]} 44. Re4 {[%emt 0:00:26]} Kd6 {[%emt 0:00:27]} 45. Ba4 {[%emt 0:00:26]} Rf2+ {[%emt 0:00:24]} 46. Kg3 {[%emt 0:00:29]} Rf5 {[%emt 0:00:23]} 47. Kg4 {[%emt 0:00:26]} Rf2 {[%emt 0:00:22]} 48. Kg3 {[%emt 0:00:22]} Rf8 {[%emt 0:00:22]} 49. Kg4 {[%emt 0:00:26]} Kd5 {[%emt 0:00:22]} 50. Rf4 {[%emt 0:00:31]} Rg8+ {[%emt 0:00:24]} 51. Kf3 {[%emt 0:00:21]} Rg1 {[%emt 0:00:22]} 52. Ke2 {[%emt 0:00:34]} Bd4 {[%emt 0:00:27]} 53. Kd3 {[%emt 0:00:43]} Rg3+ {[%emt 0:00:25]} 54. Kc2 {[%emt 0:00:26]} Rc3+ {[%emt 0:00:25]} 55. Kb1 {[%emt 0:00:39]} Ra3 {[%emt 0:00:21]} 56. Be8 {[%emt 0:00:23]} a5 {[%emt 0:00:51]} 57. Rf5+ {[%emt 0:00:49]} Ke4 {[%emt 0:01:03]} 58. Rb5 {[%emt 0:00:49]} Kd3 {[%emt 0:00:27]} 59. Bg6+ {[%emt 0:00:28]} Kd2 {[%emt 0:00:23]} 60. Rb2+ {[%emt 0:00:45]} Bxb2 {[%emt 0:00:27]} 61. Kxb2 {[%emt 0:00:21]} Rc3 {[%emt 0:00:35]} 62. Be8 {[%emt 0:00:22]} Rc8 {[%emt 0:00:56]} 63. Ba4 {[%emt 0:00:24]} Rb8+ {[%emt 0:00:25]} 64. Ka3 {[%emt 0:00:21]} Kc3 {[%emt 0:00:26]} 65. Bd7 {[%emt 0:00:22]} Rb7 {[%emt 0:00:27]} 66. Bc6 {[%emt 0:00:21]} Rb1 {[%emt 0:00:27]} 67. Ka2 {[%emt 0:00:24]} Rb2+ {[%emt 0:00:27]} 68. Ka3 {[%emt 0:00:21]} Rd2 {[%emt 0:00:56]} 69. Bb5 {[%emt 0:00:25]} Rd4 {[%emt 0:00:32]} 70. Be8 {[%emt 0:00:22]} Rd1 {[%emt 0:00:37]} 71. Ka2 {[%emt 0:00:21]} Kb4 {[%emt 0:00:22]} 72. Bf7 {[%emt 0:00:43]} Kc3 {[%emt 0:00:30]} 73. Be8 {[%emt 0:00:26]} Rf1 {[%emt 0:00:32]} 74. Bd7 {[%emt 0:00:25]} Kb4 {[%emt 0:00:34]} 75. Be6 {[%emt 0:00:31]} Rf2+ {[%emt 0:00:23]} 76. Ka1 {[%emt 0:00:24]} Ka3 {[%emt 0:00:23]} 77. Kb1 {[%emt 0:00:31]} Rf1+ {[%emt 0:00:22]} 78. Kc2 {[%emt 0:00:21]} Rf6 {[%emt 0:00:24]} 79. Bd5 {[%emt 0:00:31]} Rd6 {[%emt 0:00:24]} 80. Bg8 {[%emt 0:00:26]} Rb6 {[%emt 0:00:21]} 81. Bf7 {[%emt 0:00:36]} Rb2+ {[%emt 0:00:29]} 82. Kc1 {[%emt 0:00:45]} Rb7 {[%emt 0:00:26]} 83. Bg8 {[%emt 0:00:27]} Ka4 {[%emt 0:01:04]} 84. Kc2 {[%emt 0:00:38]} Rb4 {[%emt 0:00:21]} 85. Bf7 {[%emt 0:00:33]} Kb5 {[%emt 0:00:21]} 86. Be8+ {[%emt 0:01:34]} Kc5 {[%emt 0:00:22]} 87. Bf7 {[%emt 0:00:26]} a4 {[%emt 0:00:23]} 88. Kc3 {[%emt 0:00:29]} a3 {[%emt 0:00:35]} 89. Bb3 {[%emt 0:00:21]} Rb6 {[%emt 0:00:35]} 90. Kc2 {[%emt 0:00:41]} Kd4 {[%emt 0:00:24]} 91. Bg8 {[%emt 0:00:29]} Rb2+ {[%emt 0:00:22]} 92. Kc1 {[%emt 0:00:20]} Ke5 {[%emt 0:01:58]} 0-1

[Event "EWIRCC 2019"]
[Site "Monte-Carlo"]
[Date "2019.12.01"]
[Round "6.6"]
[White "Cramling, Pia"]
[Black "Antova, Gabriela"]
[Result "1-0"]
[WhiteElo "2443"]
[BlackElo "2314"]
[Annotator "TA"]
[PlyCount "63"]
[EventDate "2019.11.28"]
[EventType "swiss"]
[EventCountry "MNC"]
[SourceTitle "playchess.com"]
[Source "ChessBase"]
[SourceQuality "1"]

{[%evp 16,63,14,14,12,15,2,12,13,0,0,0,7,-28,9,0,12,-7,0,-31,-29,-53,-33,-52,-69,-63,0,-27,-33,-26,-26,-18,-16,-13,-10,-15,-11,-21,302,310,302,300,480,469,786,787,781,774,806,799]} 1. Nf3 d5 2. d4 Nf6 3. c4 c6 4. Qb3 dxc4 5. Qxc4 e6 6. g3 b5 7. Qc2 Bb7 8. Bg2 Nbd7 9. Ne5 Nxe5 {D30: Queen's Gambit Declined: Systems without Nc3} 10. dxe5 Nd5 11. O-O (11. Nc3 Be7 12. O-O O-O 13. Rd1 Qb8 14. f4 a5 15. Nxd5 cxd5 16. Be3 Rc8 17. Qd2 {½-½ (45) Delorme,A (2518)-Hammer,J (2628) Helsingor 2017}) 11... Be7 {The position is equal.} 12. Nd2 c5 13. Ne4 $146 ({Predecessor:} 13. Qe4 Qc7 14. h4 h6 15. a4 a6 16. axb5 axb5 17. Rxa8+ Bxa8 {1-0 (45) Khamitskiy,S (2230)-Melnikova,Y (2223) Serpukhov 2004}) 13... O-O 14. Bd2 Qb6 15. Rfd1 Rfd8 16. Rac1 {[%cal Re4c5]} c4 17. Qb1 h6 18. h4 Rac8 19. Be1 Qc7 20. b3 Ba6 ({Of course not} 20... Qxe5 $6 21. bxc4 Nb6 22. Rxd8+ Rxd8 23. c5 $14) ({Better is} 20... Ba3 $15 21. Nd6 Bxd6 22. exd6 Rxd6) 21. bxc4 bxc4 22. Qa1 Rb8 23. Rb1 Rxb1 24. Rxb1 Rc8 25. Nc3 Nb4 {With the idea ...Nc2.} 26. Qb2 Qxe5 $2 {[%mdl 8192]} (26... Rb8 $11 {and Black has nothing to worry.}) 27. Nd5 $1 $18 {[%cal Rd5e7][%mdl 64] [#] Discovered Attack} Qxb2 28. Nxe7+ Kf8 (28... Kh7 $142 29. Rxb2 c3 30. Rxb4 c2) 29. Rxb2 {White is clearly winning.} c3 (29... Kxe7 $142 30. Bxb4+ Kd7) 30. Nxc8 ({Not} 30. Rxb4 c2 $11) 30... cxb2 31. Bxb4+ Ke8 32. Nd6+ {Accuracy: White = 33%, Black = 55%.} 1-0

[Event "EWIRCC 2019"]
[Site "Monte-Carlo"]
[Date "2019.12.01"]
[Round "6.7"]
[White "Berend, Elvira"]
[Black "Batsiashvili, Nino"]
[Result "0-1"]
[WhiteElo "2349"]
[BlackElo "2422"]
[Annotator "NA"]
[PlyCount "122"]
[EventDate "2019.11.28"]
[EventType "swiss"]
[EventCountry "MNC"]
[SourceTitle "playchess.com"]
[Source "ChessBase"]
[SourceQuality "1"]
[TimeControl "5400+30"]

1. d4 {[%emt 1:15:12]} Nf6 {[%emt 1:15:11]} 2. c4 {[%emt 0:00:22]} e6 {[%emt 0:00:21]} 3. Nf3 {[%emt 0:00:23]} b6 {[%emt 0:00:21]} 4. g3 {[%emt 0:00:26]} Bb7 {[%emt 0:00:23]} 5. Bg2 {[%emt 0:00:21]} Be7 {[%emt 0:00:22]} 6. O-O {[%emt 0:00:23]} O-O {[%emt 0:00:22]} 7. Nc3 {[%emt 0:00:22]} Ne4 {[%emt 0:00:23]} 8. Bd2 {[%emt 0:00:24]} d6 {[%emt 0:00:29]} 9. d5 {[%emt 0:02:22]} Nxd2 {[%emt 0:00:35]} 10. Qxd2 {[%emt 0:00:33]} e5 {[%emt 0:00:21]} 11. e4 {[%emt 0:00:27]} Nd7 {[%emt 0:00:23]} 12. Ne1 {[%emt 0:00:37]} Bg5 {[%emt 0:00:40]} 13. Qe2 {[%emt 0:00:24]} g6 {[%emt 0:00:34]} 14. Nd3 {[%emt 0:00:24]} Bh6 {[%emt 0:00:57]} 15. b4 {[%emt 0:00:33]} a5 {[%emt 0:00:22]} 16. a3 {[%emt 0:00:24]} Ba6 {[%emt 0:00:22]} 17. Nb5 {[%emt 0:00:31]} f5 {[%emt 0:00:52]} 18. exf5 {[%emt 0:03:47]} gxf5 {[%emt 0:00:46]} 19. f4 {[%emt 0:01:08]} e4 {[%emt 0:01:08]} 20. Nf2 {[%emt 0:00:25]} Bg7 {[%emt 0:00:21]} 21. Rac1 {[%emt 0:00:38]} axb4 {[%emt 0:02:17]} 22. axb4 {[%emt 0:00:21]} Rf7 {[%emt 0:01:48]} 23. g4 {[%emt 0:00:58]} fxg4 {[%emt 0:01:30]} 24. Nxg4 {[%emt 0:01:20]} Nf6 {[%emt 0:00:42]} 25. Nxf6+ {[%emt 0:00:33]} Qxf6 {[%emt 0:00:21]} 26. Bh3 {[%emt 0:01:05]} Bc8 {[%emt 0:00:53]} 27. Bxc8 {[%emt 0:00:38]} Rxc8 {[%emt 0:00:21]} 28. Qxe4 {[%emt 0:08:59]} Re7 {[%emt 0:00:41]} 29. Qg2 {[%emt 0:00:00]} Rce8 {[%emt 0:00:36]} 30. Rc2 {[%emt 0:00:00]} Kh8 {[%emt 0:00:33]} 31. Kh1 {[%emt 0:00:00]} Qf5 {[%emt 0:00:51]} 32. Rd2 {[%emt 0:00:00]} Rg8 {[%emt 0:03:28]} 33. Qf3 {[%emt 0:00:00]} Bf6 {[%emt 0:01:04]} 34. Rg2 {[%emt 0:00:00]} Rxg2 {[%emt 0:00:39]} 35. Qxg2 {[%emt 0:00:00]} Qd3 {[%emt 0:00:30]} 36. Na7 {[%emt 0:00:00]} Qxc4 {[%emt 0:00:53]} 37. Nc6 {[%emt 0:00:00]} Re2 {[%emt 0:00:57]} 38. Qf3 {[%emt 0:00:00]} Qc2 {[%emt 0:00:50]} 39. Qh3 {[%emt 0:00:22]} Qe4+ {[%emt 0:00:22]} 40. Qf3 {[%emt 0:00:21]} Qxf3+ {[%emt 0:00:31]} 41. Rxf3 {[%emt 0:00:21]} Rd2 {[%emt 0:00:21]} 42. Ra3 {[%emt 0:00:31]} Rxd5 {[%emt 0:00:28]} 43. Ra7 {[%emt 0:00:30]} Rf5 {[%emt 0:02:00]} 44. Rxc7 {[%emt 0:00:22]} Rxf4 {[%emt 0:00:21]} 45. Rb7 {[%emt 0:00:34]} d5 {[%emt 0:00:25]} 46. Rxb6 {[%emt 0:00:28]} d4 {[%emt 0:00:21]} 47. Rb7 {[%emt 0:00:24]} d3 {[%emt 0:00:37]} 48. Rd7 {[%emt 0:00:21]} Rc4 {[%emt 0:00:22]} 49. b5 {[%emt 0:00:32]} Rc3 {[%emt 0:00:54]} 50. Kg2 {[%emt 0:00:47]} Rb3 {[%emt 0:00:23]} 51. Kf3 {[%emt 0:00:46]} d2+ {[%emt 0:00:29]} 52. Ke2 {[%emt 0:00:21]} Bg5 {[%emt 0:00:21]} 53. h4 {[%emt 0:00:33]} Bf4 {[%emt 0:00:26]} 54. Nd4 {[%emt 0:00:53]} Re3+ {[%emt 0:00:31]} 55. Kxd2 {[%emt 0:00:35]} Re7+ 56. Kd3 Rxd7 {[%emt 0:00:42]} 57. Ke4 {[%emt 0:00:41]} Bc7 {[%emt 0:00:28]} 58. Ne6 {[%emt 0:00:24]} Bb6 {[%emt 0:00:25]} 59. Ke5 {[%emt 0:00:24]} Kg8 {[%emt 0:00:23]} 60. h5 {[%emt 0:00:27]} Rd1 {[%emt 0:00:26]} 61. Kf6 {[%emt 0:00:25]} Rd5 {[%emt 0:00:26]} 0-1

[Event "EWIRCC 2019"]
[Site "Monte-Carlo"]
[Date "2019.12.01"]
[Round "6.8"]
[White "Kosteniuk, Alexandra"]
[Black "Terbe, Julianna"]
[Result "1-0"]
[WhiteElo "2483"]
[BlackElo "2287"]
[Annotator "TA"]
[PlyCount "125"]
[EventDate "2019.11.28"]
[EventType "swiss"]
[EventCountry "MNC"]
[SourceTitle "playchess.com"]
[Source "ChessBase"]
[SourceQuality "1"]

{[%evp 13,125,19,10,9,6,3,23,6,45,42,43,45,33,41,46,45,50,65,66,60,61,62,70,71,60,40,35,45,46,-13,-14,-5,2,0,4,11,25,11,111,21,41,27,29,22,39,0,0,-75,-69,-77,-91,-89,-82,-60,-60,-82,-31,-33,-20,-33,-34,-39,33,29,41,37,38,36,41,4,12,0,7,0,0,0,0,0,139,152,393,393,393,444,443,414,690,657,670,606,1780,1721,1499,254,810,827,810,743,781,706,1599,1666,2951,2794,2147,1953,12844,12845,29990,29991,29991,29992,29992,29993]} 1. Nf3 d5 2. g3 Nf6 3. Bg2 c6 4. O-O Bf5 5. c4 e6 6. cxd5 exd5 7. d3 Be7 8. Qb3 {A11: English Opening: 1...c6} Qb6 9. Qc2 O-O 10. Nc3 {White has an edge.} h6 11. e4 dxe4 12. dxe4 Bh7 13. Be3 Qa5 14. Nd4 Nbd7 {[#]} 15. Qe2 $146 ({Predecessor:} 15. Rad1 Rfe8 16. Nb3 Qh5 {½-½ (31) Fressinet,L (2672)-Battaglini,G (2426) London 2016}) 15... Rfe8 16. Nb3 Qb4 17. Rad1 Bf8 $1 18. Rd4 Qe7 19. Rfd1 Nb6 20. Bf4 Rad8 21. Qd3 (21. Rxd8 $14 Rxd8 22. Rxd8 Qxd8 23. a3) 21... Rxd4 22. Qxd4 Qb4 23. f3 Qxd4+ 24. Rxd4 Nfd7 25. Rd1 Ne5 {[#]} (25... Nc5 $11) 26. Na5 (26. Bxe5 $1 $16 {Bd4 is the strong threat.} Rxe5 27. Rd8) 26... Nec4 27. Nxc4 Nxc4 28. b3 Nb6 29. Bc7 Bb4 30. Ne2 (30. Na4 $11) 30... f5 $36 {[%mdl 2048] Black has good play.} 31. Rd8 Rxd8 32. Bxd8 fxe4 33. fxe4 Kf7 34. Nf4 g5 (34... Na8 $17 {White must now prevent ...Ke8.} 35. g4 Bc5+ 36. Kh1 Bb6 37. Bxb6 Nxb6) 35. Nd3 $15 Bc3 36. Bc7 Nd7 37. Kf2 Nc5 ({Black should play} 37... Bd4+ $15 38. Ke2 Nf6) 38. Nxc5 $14 Bd4+ {[%mdl 64] [#] Double Attack} 39. Kf3 Bxc5 {[%mdl 4096] Endgame KBB-KBB} 40. Bh3 Ke7 41. Bc8 b5 42. Be5 Bg6 43. Bg7 h5 44. e5 g4+ 45. Kf4 Bg1 (45... Bb1 $11 {keeps the balance.}) 46. Bf6+ $16 Ke8 $2 (46... Kf7 $16 {is a better defense.}) 47. e6 $18 {White threatens Kg5 and mate.} Bc5 48. Bd7+ Kf8 49. Bxc6 b4 (49... Bb1 $142 50. Bxb5 Bxa2) 50. Kg5 Bb1 51. Kxh5 Bxa2 52. Ba4 Be7 53. Bd4 $2 (53. Bxe7+ Kxe7 54. Kxg4 Kxe6 55. Kg5) 53... a5 $2 (53... Bd6 54. Kxg4 Ke7 55. Bxa7 Kxe6) 54. Kxg4 Bb1 55. h4 Kg8 56. Kf4 Kh7 57. g4 Kg6 58. Be8+ Kh7 59. g5 Bc2 60. h5 Bxb3 61. Bg6+ {White mates.} Kg8 62. h6 Bd6+ 63. Ke3 {Accuracy: White = 63%, Black = 35%.} 1-0

[Event "EWIRCC 2019"]
[Site "Monte-Carlo"]
[Date "2019.12.01"]
[Round "6.9"]
[White "Michna, Marta"]
[Black "Bodnaruk, Anastasia"]
[Result "1/2-1/2"]
[WhiteElo "2366"]
[BlackElo "2412"]
[Annotator "TA"]
[PlyCount "152"]
[EventDate "2019.11.28"]
[EventType "swiss"]
[EventCountry "MNC"]
[SourceTitle "playchess.com"]
[Source "ChessBase"]
[SourceQuality "1"]

{[%evp 13,152,-20,-12,-13,0,3,0,0,0,-14,9,0,6,-5,12,4,12,0,1,5,15,10,20,16,32,8,8,-42,-31,-22,-20,-59,-62,-285,-283,-258,0,0,131,57,57,57,57,57,72,73,100,102,128,128,112,120,155,110,675,596,682,669,649,632,665,669,543,0,241,0,554,29,14,29,343,75,69,60,301,292,371,343,340,323,744,320,855,787,771,754,566,547,29985,29986,29984,786,6007,897,1515,0,5189,4710,2021,916,789,500,1796,1743,1323,514,500,500,500,500,236,0,0,0,0,0,0,0,0,0,29976,0,0,0,0,0,0,0,0,0,0,0,0,0,0,0,0,0,0,0,0]} 1. f4 Nf6 2. Nf3 g6 3. b3 Bg7 4. Bb2 d5 5. g3 O-O 6. Bg2 c5 7. O-O Nc6 8. e3 {A02: Bird's Opening} (8. Ne5 Nxe5 9. Bxe5 Be6 10. e3 Qd7 11. Qe2 Rfd8 12. d3 Bg4 13. Bf3 Bxf3 14. Qxf3 Rac8 15. Nd2 Qh3 {0-1 (39) Ayats Llobera,G (2395)-Andreikin,D (2719) Sitges 2018}) 8... e6 9. Qe2 b6 10. d3 Bb7 11. Nbd2 Qe7 $146 ({Predecessor:} 11... Qc7) 12. Ne5 Rac8 13. Ndf3 Nd8 14. c4 Ne8 15. Rad1 f6 16. Ng4 Nd6 17. Rfe1 N8f7 18. Bc3 b5 19. Qb2 {[%cal Rc3f6]} Nd8 {[%cal Rd5c4]} 20. a3 (20. Qc2 {feels hotter.} dxc4 21. bxc4 bxc4 22. dxc4 Be4 23. Qe2) 20... bxc4 21. bxc4 dxc4 22. e4 cxd3 23. Nxf6+ $2 (23. e5 $15 fxe5 24. Rxd3) 23... Bxf6 $19 24. e5 Bg7 $2 (24... Bxf3 $1 $19 25. Bxf3 Bxe5 $1 {[%mdl 512]} 26. Bxe5 Nc4) 25. exd6 $11 Qd7 (25... Bxc3 $11 {remains equal.} 26. dxe7 Bxb2 27. exf8=N (27. exf8=R+ Kxf8 28. Rxd3 c4 $11) 27... Kxf8) 26. Bxg7 (26. Rxd3 $16 Bxc3 27. Qxc3) 26... Qxg7 $14 27. Qxg7+ Kxg7 28. Rxd3 c4 29. Rc3 Bd5 30. Nd4 Kf6 31. Bxd5 exd5 32. Re5 Rc5 33. g4 Rf7 $2 {[%mdl 8192]} (33... Nc6 $16 34. Nxc6 Rxc6) 34. g5+ $18 Kg7 35. f5 gxf5 36. Nxf5+ Kg6 37. Ne7+ {[%mdl 64] Double Attack} Kg7 38. Nf5+ (38. Rg3 $142 $1 Rf8 39. g6 (39. Rxd5 Rxd5 40. Nxd5 Nb7 $14) 39... hxg6 40. Nxg6) 38... Kg6 $1 39. Ne7+ $2 (39. Nd4 $1) 39... Kg7 40. Rxd5 $2 (40. Rg3 $1 $18 Rf4 41. g6 (41. Rxd5 Rxd5 42. Nxd5 Rd4 $11) (41. Nxd5 Rd4 $14) 41... hxg6 42. Nxg6) 40... Rxd5 $11 41. Nxd5 $18 {[%mdl 4096] Endgame KRN-KRN} Rd7 $2 {[%mdl 8192]} (41... Rf5 $11 {and Black has nothing to worry.} 42. Ne3 Rxg5+ 43. Kf2 Rc5) 42. Ne3 $2 ({Not} 42. Rxc4 Rxd6 43. Nf4 Rc6 $16) (42. Nf6 $18 {is the precise move to win.} Rb7 43. Rxc4) 42... Kg6 $16 43. Nxc4 Nf7 $2 ({Better is} 43... Kxg5 $14 44. Rf3 Rf7) 44. Re3 $18 {aiming for Re6+.} Rb7 45. Re7 Rb1+ 46. Kf2 Rd1 $2 (46... Nxg5 47. d7 Rd1 48. Ne5+ Kf6) 47. d7 (47. h4 $142) 47... Rd4 $2 (47... Nxg5 48. Ne5+ Kf6) 48. Ke3 Rd1 49. Ke2 Rd4 {[#]} 50. h4 $1 h5 (50... Rxh4 51. Ne5+) 51. Re6+ Kg7 {[#]} 52. Re7 (52. Nd6 $142 $1 {[%mdl 512]} Rxd6 53. Rxd6 Nd8 54. g6 Kf8 55. Ra6 Kg7 56. Rxa7 Kxg6 57. Ra8) 52... Kg6 53. Ne3 (53. Ke3 $142 Rd1 54. Ke4 Re1+ 55. Ne3) 53... Rd6 {[#]} 54. Nc4 (54. Nf5 $142 $1 {[%mdl 512]} Kxf5 55. Rxf7+ Ke6 56. g6) 54... Rd4 55. Ke3 Rd1 56. Kf2 (56. Ke4 $142 Re1+ 57. Ne3) 56... Rd4 57. a4 {[%cal Ba3a4,Ba4a5][%mdl 32]} Rd1 (57... Rxc4 $142 58. Rxf7 Rd4) 58. a5 a6 59. Ne5+ (59. Re6+ $142 Kg7 60. Nd6 $1 {[%mdl 576] Promotion}) 59... Nxe5 60. Rxe5 Rxd7 {KR-KR} 61. Re6+ {[%mdl 64] Double Attack} Kf5 (61... Kf7 $142 62. Rxa6 Rd4) 62. Rf6+ $2 (62. Rb6 $18) 62... Kg4 $11 63. g6 {Black must now prevent Rf7.} Kxh4 64. Rxa6 {And now Rf6 would win.} Kg5 65. Rb6 h4 66. a6 {Hoping for Rb7.} Kh6 $2 {[%mdl 8192] [#]} (66... Rc7 $11) 67. Kg2 $2 (67. g7+ $1 {[%mdl 512] mates} Kh7 {[#]} (67... Kxg7 68. Rb7) 68. g8=Q+ $1 {[%mdl 576] Decoy} Kxg8 69. Rb8+ Kf7 70. Rb7 Ke7 71. Rxd7+ Kxd7 72. a7) 67... Rd3 {The position is equal.} 68. Kh2 Ra3 69. Rc6 Kg7 70. Kg2 Kh6 71. Kf2 Kg7 72. Kg1 Ra2 73. Kh1 Kh6 74. Rb6 Kg7 75. Rd6 Kh6 76. Rb6 Ra3 {Accuracy: White = 38%, Black = 37%.} 1/2-1/2

[Event "EWIRCC 2019"]
[Site "Monte-Carlo"]
[Date "2019.12.01"]
[Round "6.10"]
[White "Solozhenkina, Elizaveta"]
[Black "Mkrtchian, Lilit"]
[Result "0-1"]
[WhiteElo "2314"]
[BlackElo "2402"]
[Annotator "NA RC"]
[PlyCount "56"]
[EventDate "2019.11.28"]
[EventType "swiss"]
[EventCountry "MNC"]
[SourceTitle "playchess.com"]
[Source "ChessBase"]
[SourceQuality "1"]
[TimeControl "5400+30"]

1. e4 {[%emt 1:15:12]} e6 {[%emt 1:15:15]} 2. d4 {[%emt 0:00:21]} d5 {[%emt 0:00:21]} 3. Nd2 {[%emt 0:00:21]} Be7 {[%emt 0:00:28]} 4. Bd3 {[%emt 0:00:25]} c5 {[%emt 0:00:25]} 5. dxc5 {[%emt 0:00:24]} Nf6 {[%emt 0:00:23]} 6. Qe2 {[%emt 0:00:22]} O-O {[%emt 0:00:26]} 7. Ngf3 {[%emt 0:00:22]} a5 {[%emt 0:00:24]} 8. O-O {[%emt 0:00:23]} Na6 {[%emt 0:00:28]} 9. e5 {[%emt 0:00:25]} Nd7 {[%emt 0:00:23]} 10. c4 {[%emt 0:00:22]} Naxc5 {[%emt 0:01:40]} 11. Bc2 {[%emt 0:02:41]} dxc4 {[%emt 0:02:36]} 12. Nxc4 {[%emt 0:00:53]} b5 {[%emt 0:00:50]} 13. Nd6 {[%emt 0:05:33]} Nxe5 {[%emt 0:01:02]} 14. Nxe5 {[%emt 0:02:47]} Bxd6 {[%emt 0:00:55]} 15. Rd1 {[%emt 0:00:21]} Qc7 {[%emt 0:00:51]} 16. Bf4 {[%emt 0:00:44]} Bb7 {[%emt 0:02:48]} 17. Rac1 {[%emt 0:04:17]} Bd5 {[%emt 0:01:33]} 18. Bb1 {[%emt 0:01:04]} Rac8 {[%emt 0:02:50]} 19. Rc3 {[%emt 0:00:43]} f5 {[%emt 0:00:57]} 20. Rh3 {[%emt 0:01:50]} Ne4 {[%emt 0:02:28]} 21. Bxe4 {[%emt 0:00:21]} fxe4 {[%emt 0:00:33]} 22. Qh5 {[%emt 0:00:47]} h6 {[%emt 0:02:09]} 23. g3 {[%emt 0:00:39]} Rf5 {[%emt 0:00:37]} 24. Qg6 {[%emt 0:00:28]} Bxe5 {[%emt 0:00:31]} 25. Rxd5 {[%emt 0:00:24]} Rf6 {[%emt 0:00:29]} 26. Qg4 {[%emt 0:00:31]} exd5 {[%emt 0:01:02]} 27. Bxe5 {[%emt 0:00:25]} Qc1+ {[%emt 0:00:24]} 28. Kg2 {[%emt 0:00:21]} Rxf2+ {[%emt 0:00:38]} 0-1

[Event "EWIRCC 2019"]
[Site "Monte-Carlo"]
[Date "2019.12.01"]
[Round "6.11"]
[White "Worek, Joanna"]
[Black "Johansson, Viktoria"]
[Result "1-0"]
[WhiteElo "2316"]
[BlackElo "2120"]
[Annotator "NA"]
[PlyCount "57"]
[EventDate "2019.11.28"]
[EventType "swiss"]
[EventCountry "MNC"]
[SourceTitle "playchess.com"]
[Source "ChessBase"]
[SourceQuality "1"]
[TimeControl "5400+30"]

1. e4 {[%emt 1:15:12]} c5 {[%emt 1:15:11]} 2. Nf3 {[%emt 0:00:22]} Nc6 {[%emt 0:00:22]} 3. d4 {[%emt 0:00:24]} cxd4 {[%emt 0:00:27]} 4. Nxd4 {[%emt 0:00:21]} e5 {[%emt 0:00:25]} 5. Nb3 {[%emt 0:01:06]} Bb4+ {[%emt 0:00:51]} 6. Bd2 {[%emt 0:00:35]} Bxd2+ {[%emt 0:00:41]} 7. Qxd2 {[%emt 0:00:22]} d6 {[%emt 0:00:28]} 8. c4 {[%emt 0:00:45]} Nf6 {[%emt 0:00:38]} 9. Nc3 {[%emt 0:00:22]} O-O {[%emt 0:02:50]} 10. Rd1 {[%emt 0:03:20]} Ne8 {[%emt 0:00:45]} 11. c5 {[%emt 0:01:06]} Bg4 {[%emt 0:05:59]} 12. Be2 {[%emt 0:00:31]} Bxe2 {[%emt 0:00:34]} 13. Qxe2 {[%emt 0:00:29]} Qg5 {[%emt 0:00:38]} 14. O-O {[%emt 0:01:13]} dxc5 {[%emt 0:00:28]} 15. Nxc5 {[%emt 0:00:22]} Nf6 {[%emt 0:01:09]} 16. Nd5 {[%emt 0:02:09]} Nd4 {[%emt 0:01:05]} 17. Qe3 {[%emt 0:02:00]} Qh4 {[%emt 0:01:11]} 18. Nxf6+ {[%emt 0:00:50]} gxf6 {[%emt 0:00:37]} 19. Nd7 {[%emt 0:02:24]} Rfd8 {[%emt 0:00:57]} 20. g3 {[%emt 0:00:22]} Qh3 {[%emt 0:01:27]} 21. Nxf6+ {[%emt 0:00:24]} Kh8 {[%emt 0:00:47]} 22. Nd5 {[%emt 0:03:33]} Rd6 {[%emt 0:00:30]} 23. f4 {[%emt 0:00:23]} Rh6 {[%emt 0:01:46]} 24. Rf2 {[%emt 0:00:22]} f6 {[%emt 0:01:12]} 25. fxe5 {[%emt 0:00:48]} fxe5 {[%emt 0:00:21]} 26. Rxd4 {[%emt 0:00:53]} Rc8 {[%emt 0:01:06]} 27. Rd1 {[%emt 0:00:28]} Kg7 {[%emt 0:00:36]} 28. Qg5+ {[%emt 0:00:26]} Kh8 {[%emt 0:00:27]} 29. Qxe5+ {[%emt 0:00:23]} 1-0